Principles of electricity. (Record no. 544543)

000 -LEADER
fixed length control field 00395cam a22001451 4500
082 ## - DEWEY DECIMAL CLASSIFICATION NUMBER
Classification number 537
Author Mark COT
-- L-6, P-14
100 1# - MAIN ENTRY--PERSONAL NAME
Personal name Cotton, H.
9 (RLIN) 40193
245 00 - TITLE STATEMENT
Title Principles of electricity.
260 ## - PUBLICATION, DISTRIBUTION, ETC.
Place of publication, distribution, etc. London,
Name of publisher, distributor, etc. Cleaver-Hume Press
Date of publication, distribution, etc. [1948]
300 ## - PHYSICAL DESCRIPTION
Extent 356 p.
Other physical details illus.
Dimensions 19 cm.
526 ## - STUDY PROGRAM INFORMATION NOTE
Program name 0
Interest level 0
Reading level 0
Title point value 537_000000000000000_COT
650 #0 - SUBJECT ADDED ENTRY--TOPICAL TERM
Topical term or geographic name entry element Electricity.
9 (RLIN) 39895
650 #0 - SUBJECT ADDED ENTRY--TOPICAL TERM
Topical term or geographic name entry element MCE
9 (RLIN) 379
942 ## - ADDED ENTRY ELEMENTS (KOHA)
Source of classification or shelving scheme
Koha item type Book
Holdings
Withdrawn status Lost status Source of classification or shelving scheme Damaged status Not for loan Permanent Location Current Location Date acquired Total Checkouts Full call number Barcode Date last seen Price effective from Koha item type
          Military College of Engineering (MCE) Military College of Engineering (MCE) 05/07/2014   537 COT MCE-40991 05/07/2014 05/07/2014 Book
© 2023 Central Library, National University of Sciences and Technology. All Rights Reserved.